000 01073nam0a22003011 4500
001 rc\90289
005 20250620175401.0
010 _a5-288-01274-1
_9376
035 _a(NLR Aleph) 005356812
090 _a6855793
_c6855792
100 _a20021216d1994 |||y0rusy50 ca
101 0 _arus
102 _aRU
105 _ay |||||||||
200 1 _aЭволюция и перестройка экономических отношений
_fС.-Петербург. гос. ун-т
210 _aСПб.
_cИзд-во С.-Петербург. ун-та
_d1994
215 _a163, [1] с.
_d22
606 1 _aЭкономика
_xТеория
_91565397
_3RU\NLR\AUTH\66985247
607 _aРоссийская Федерация
_xЭкономические взаимоотношения
_92071077
_3RU\NLR\AUTH\661245821
686 1 _aУ9(2)8(2Р)
686 1 _aУ010
700 1 _aРасков
_bН.В.
_gНиколай Васильевич
801 0 _aRU
_bNLR
_gpsbo
801 1 _aRU
_bELAR
_2rusmarc
852 _aNLR
_j95-5/1311
942 _cBOOK
980 _aNB